Statistics for 日本の都道府県 - あいうえお順

Click here to take the quiz!

General Stats

  • This quiz has been taken 585 times
  • The average score is 19 of 47

Answers on the Map

Answers color-coded by a green-red scale on the quiz's map according to % correct below.
 

Answer Stats

都道府県% Correct
愛知県
100%
青森県
95%
秋田県
94%
石川県
89%
茨城県
84%
岩手県
82%
愛媛県
78%
大分県
76%
大阪府
74%
岡山県
73%
沖縄県
69%
鹿児島県
68%
香川県
68%
神奈川県
63%
岐阜県
56%
京都府
55%
熊本県
51%
群馬県
45%
高知県
42%
埼玉県
39%
佐賀県
37%
滋賀県
36%
静岡県
34%
島根県
30%
千葉県
25%
東京都
22%
徳島県
21%
栃木県
20%
鳥取県
20%
富山県
18%
長崎県
17%
奈良県
17%
長野県
17%
新潟県
16%
福島県
13%
福岡県
13%
和歌山県
13%
福井県
13%
宮城県
12%
北海道
12%
広島県
12%
兵庫県
12%
山梨県
11%
山形県
11%
宮崎県
11%
三重県
11%
山口県
11%

Score Distribution

Percentile by Number Answered

Percent of People with Each Score

Your Score History

You have not taken this quiz